000 00256nam a2200121Ia 4500
008 190216s9999||||xx |||||||||||||| ||und||
100 _aAnand J
245 0 _aAal Kootam
260 _bC I C C Book House
300 _a420p
650 _aNovel
942 _cBK
999 _c25292
_d25292